Sports Quiz

Random Sports or NFL Quiz

NFL Receiving Yard Leaders (Non-WRs) Quiz Stats

 Plays Quiz Updated Jul 23, 2020

Support Sporcle.
Go Orange.
Score 0/160 Timer 10:00
7 Plays Today
Team Player % Correct
Arizona CardinalsDavid Johnson
83%
Dallas CowboysJason Witten
82.7%
Arizona CardinalsDavid Johnson
82.2%
New England PatriotsRob Gronkowski
81.5%
Dallas CowboysEzekiel Elliott
81.3%
New England PatriotsRob Gronkowski
79.5%
Dallas CowboysJason Witten
78.6%
New England PatriotsJames White
78.3%
Dallas CowboysJason Witten
77.8%
Los Angeles ChargersMelvin Gordon
77.1%
Dallas CowboysJason Witten
75.9%
Kansas City ChiefsTravis Kelce
75.8%
Kansas City ChiefsTravis Kelce
75.8%
New Orleans SaintsJared Cook
75.4%
Seattle SeahawksJimmy Graham
75.4%
Los Angeles ChargersHunter Henry
75.1%
New Orleans SaintsAlvin Kamara
74.8%
Atlanta FalconsAustin Hooper
74.7%
Seattle SeahawksJimmy Graham
74.4%
New Orleans SaintsAlvin Kamara
73.4%
Seattle SeahawksJimmy Graham
73%
Chicago BearsMartellus Bennett/Zach Miller
72.7%
Carolina PanthersChristian McCaffrey
72.6%
Pittsburgh SteelersLe'Veon Bell
72.2%
Carolina PanthersGreg Olsen
72.2%
Los Angeles ChargersAustin Ekeler
71.3%
Los Angeles ChargersAntonio Gates
71.1%
Pittsburgh SteelersVance McDonald
69.8%
Carolina PanthersGreg Olsen
69.8%
Pittsburgh SteelersHeath Miller
69%
Miami DolphinsLamar Miller
69%
Kansas City ChiefsTravis Kelce
68.9%
Kansas City ChiefsTravis Kelce
68.2%
Washington Football TeamVernon Davis
68.1%
San Francisco 49ersGeorge Kittle
68%
Carolina PanthersChristian McCaffrey
67.4%
Chicago BearsZach Miller
65.5%
Kansas City ChiefsTravis Kelce
65.5%
San Francisco 49ersGeorge Kittle
64.8%
Indianapolis ColtsEric Ebron
64.7%
Los Angeles RamsTodd Gurley
64.4%
Atlanta FalconsDevonta Freeman
64.2%
Houston TexansRyan Griffin
63.8%
Chicago BearsTarik Cohen
63.7%
Denver BroncosNoah Fant
63.1%
Jacksonville JaguarsJulius Thomas
61.8%
Chicago BearsTarik Cohen
61.1%
Pittsburgh SteelersLe'Veon Bell
61.1%
Philadelphia EaglesZach Ertz
61%
Philadelphia EaglesZach Ertz
59.7%
Baltimore RavensMark Andrews
59%
New England PatriotsJames White
59%
Philadelphia EaglesZach Ertz
58%
Cincinnati BengalsTyler Eifert
57.7%
Team Player % Correct
Detroit LionsT.J. Hockenson
57%
New York GiantsEvan Engram
56.5%
New England PatriotsMartellus Bennett
56.3%
Cincinnati BengalsTyler Eifert
55.6%
Philadelphia EaglesZach Ertz
55.4%
Chicago BearsTarik Cohen
55.4%
Minnesota VikingsKyle Rudolph
55.1%
Minnesota VikingsKyle Rudolph
55%
San Francisco 49ersGeorge Kittle
54.7%
Detroit LionsTheo Riddick
54.6%
Philadelphia EaglesZach Ertz
54.6%
Pittsburgh SteelersJaylen Samuels
53.5%
Washington Football TeamJordan Reed
53.4%
Green Bay PackersJared Cook
52.4%
Tennessee TitansDelanie Walker
52.3%
Cleveland BrownsDavid Njoku
52%
Las Vegas RaidersJared Cook
51.5%
Los Angeles RamsJared Cook
51.4%
Tennessee TitansJonnu Smith
51.3%
Washington Football TeamJordan Reed
51%
Tennessee TitansDelanie Walker
51%
Detroit LionsEric Ebron
50.8%
Minnesota VikingsKyle Rudolph
50.2%
Jacksonville JaguarsT.J. Yeldon
48.6%
Houston TexansStephen Anderson
48.3%
Green Bay PackersJamaal Williams
47.5%
Buffalo BillsDawson Knox
46.9%
Detroit LionsEric Ebron
46.3%
Washington Football TeamJordan Reed
46.2%
Green Bay PackersAaron Jones
45%
Los Angeles RamsTyler Higbee
44.3%
Cleveland BrownsDuke Johnson
43.7%
Baltimore RavensBen Watson
43.6%
Buffalo BillsCharles Clay
41.9%
Miami DolphinsMike Gesicki
41.8%
Houston TexansJordan Akins
41.3%
Buffalo BillsCharles Clay
41%
Baltimore RavensMark Andrews
41%
Miami DolphinsKenyan Drake
40.3%
Indianapolis ColtsJack Doyle
40%
Denver BroncosJeff Heuerman
39.3%
Tampa Bay BuccaneersCameron Brate
38.9%
Carolina PanthersChristian McCaffrey
38.7%
Cincinnati BengalsTyler Eifert
38.5%
Atlanta FalconsAustin Hooper
38.4%
Cincinnati BengalsTyler Kroft
38.3%
Seattle SeahawksJacob Hollister
38%
Seattle SeahawksNick Vannett
37.3%
Cleveland BrownsGary Barnidge
36.9%
Indianapolis ColtsCoby Fleener
34.7%
Minnesota VikingsKyle Rudolph
34.3%
New York JetsChristopher Herndon
34.2%
Baltimore RavensDennis Pitta
33.6%
Buffalo BillsCharles Clay
33.4%
Team Player % Correct
Miami DolphinsJulius Thomas
32.9%
Green Bay PackersRichard Rodgers
32.7%
Indianapolis ColtsJack Doyle
32.3%
Cleveland BrownsKareem Hunt
32.2%
Denver BroncosOwen Daniels
31.7%
Arizona CardinalsDavid Johnson
31.6%
Cleveland BrownsGary Barnidge
31.6%
Indianapolis ColtsJack Doyle
29.8%
Los Angeles ChargersDanny Woodhead
29.5%
New Orleans SaintsCoby Fleener
28.8%
New Orleans SaintsBenjamin Watson
27.8%
Tennessee TitansDion Lewis
27.7%
Denver BroncosDevontae Booker
27.6%
Tampa Bay BuccaneersCameron Brate
26.9%
Tennessee TitansDelanie Walker
26.7%
Las Vegas RaidersJared Cook
26.6%
Los Angeles RamsTodd Gurley
25.2%
Jacksonville JaguarsMarcedes Lewis
23.8%
San Francisco 49ersVance McDonald
23%
New York GiantsEvan Engram
23%
Detroit LionsTheo Riddick
22.5%
New York JetsBilal Powell
22.2%
New York JetsBilal Powell
21.3%
Minnesota VikingsDalvin Cook
20.3%
San Francisco 49ersVance McDonald
20.3%
Atlanta FalconsJacob Tamme
20.2%
Jacksonville JaguarsT.J. Yeldon
20%
Las Vegas RaidersDarren Waller
19.5%
Green Bay PackersJimmy Graham
18.9%
New York GiantsSaquon Barkley
18.7%
Cincinnati BengalsC.J. Uzomah
17.9%
New York JetsLe'Veon Bell
17.6%
New York GiantsShane Vereen
16.3%
Atlanta FalconsAustin Hooper
14.9%
New York JetsAustin Seferian-Jenkins
13.4%
Arizona CardinalsDavid Johnson
13.3%
Tampa Bay BuccaneersO.J. Howard
12.8%
Arizona CardinalsJermaine Gresham
12.8%
Tampa Bay BuccaneersCharles Sims
12.3%
Tampa Bay BuccaneersO.J. Howard
12%
Buffalo BillsJason Croom
11%
New York GiantsWill Tye
10.7%
Houston TexansC.J. Fiedorowicz
10.3%
Miami DolphinsDion Sims
10.2%
Denver BroncosDevontae Booker
9.6%
Jacksonville JaguarsLeonard Fournette
9.5%
Los Angeles RamsLance Kendricks
9.4%
Washington Football TeamChris Thompson
8.8%
Houston TexansRyan Griffin
7.9%
Las Vegas RaidersClive Walford
7.8%
Las Vegas RaidersClive Walford
6.7%
Baltimore RavensCrockett Gillmore
5.1%

You're not logged in!

Compare scores with friends on all Sporcle quizzes.
OR
Log In

From the Vault

Famous 19th Century Quotes

by kps7179

We just hope that Beethoven's quote came true, and that he heard Wagner's.
Remove Ads.
Support Sporcle.
Get the best of Sporcle when you Go Orange. This ad-free experience offers more features, more stats, and more fun while also helping to support Sporcle. Thank you for becoming a member.

Show Comments

Extras

Top Quizzes Today


Score Distribution

Your Account Isn't Verified!

In order to create a playlist on Sporcle, you need to verify the email address you used during registration. Go to your Sporcle Settings to finish the process.

Report this User

Report this user for behavior that violates our Community Guidelines.

Details: